| 000 | 00330nam a2200133Ia 4500 | ||
|---|---|---|---|
| 005 | 20260328101528.0 | ||
| 008 | 260328s9999||||xx |||||||||||||| ||und|| | ||
| 100 | _aCuito Ricart, Aurora | ||
| 245 | 0 |
_aMiralles / Tagliabue / _cAurora Cuito Ricart |
|
| 260 | _bKliczkowski | ||
| 300 | _a80 p. | ||
| 650 | _aARQUITECTOS | ||
| 942 | _cBK | ||
| 999 |
_c9866 _d9866 |
||